000 00663nam a2200253 i 4500
001 C2-0018543
003 PPAK
005 20190630221947.0
008 970202s1991 my |||| ||||| | may d
020 _a9836222278
040 _aPPAK
_beng
_cPPAK
_erda
082 0 4 _a899.233
_223
090 0 0 _a899.233
_bDAR
_dG
090 0 0 _a899.233
_bDAR
_dKIH
100 0 _aDarma Mohamad,
_eauthor
245 1 0 _aMerinci ufuk
264 1 _aKuala Lumpur :
_bDewan Bahasa dan Pustaka ,
_c1991
300 _a151 pages ;
_c20 cm
336 _2rdacontent
_atext
337 _2rdamedia
_aunmediated
338 _2rdacarrier
_avolume
650 1 0 _aMalay fiction.
942 _ddc
_cB
999 _c4189
_d4189